Jules Guesde : L'anti-Jaurès ? (notice n° 1568270)
[ vue normale ]
| 000 -LEADER | |
|---|---|
| fixed length control field | 01207cam a2200133 4500500 |
| 005 - DATE AND TIME OF LATEST TRANSACTION | |
| control field | 20251214004143.0 |
| 041 ## - LANGUAGE CODE | |
| Language code of text/sound track or separate title | fre |
| 042 ## - AUTHENTICATION CODE | |
| Authentication code | dc |
| 100 10 - MAIN ENTRY--PERSONAL NAME | |
| Personal name | Ducange, Jean-Numa |
| Relator term | author |
| 245 00 - TITLE STATEMENT | |
| Title | Jules Guesde : L'anti-Jaurès ? |
| 260 ## - PUBLICATION, DISTRIBUTION, ETC. | |
| Name of publisher, distributor, etc. | Armand Colin,<br/> |
| Date of publication, distribution, etc. | 2017.<br/> |
| 520 ## - SUMMARY, ETC. | |
| Summary, etc. | Jules Guesde est l'une des personnalités les plus marquantes de la gauche française et l'une des plus controversées. Militant infatigable et brillant orateur, il est l'un des premiers à introduire la pensée marxiste en France et à vouloir structurer le monde ouvrier par un parti politique afin de s'opposer au capitalisme. Malgré son intransigeance et son dogmatisme, Jean Jaurès choisit de s'allier avec lui. Le "guesdisme" fut ainsi déterminant dans la fondation du parti socialiste français et son vocabulaire de la "lutte des classes" aura marqué tout le XXe siècle. Dans cette biographie originale, Jean-Numa Ducange nous fait découvrir cet homme politique hors normes de la Troisième République, trop souvent méconnu, et qui aura pesé de tout son poids dans l'histoire du socialisme en France. |
| 856 41 - ELECTRONIC LOCATION AND ACCESS | |
| Uniform Resource Identifier | <a href="https://shs.cairn.info/jules-guesde--9782200274719?lang=fr&redirect-ssocas=7080">https://shs.cairn.info/jules-guesde--9782200274719?lang=fr&redirect-ssocas=7080</a> |
Pas d'exemplaire disponible.




Réseaux sociaux